| 000 | 00886nam a2200265 a 4500 | ||
|---|---|---|---|
| 003 | DO-SdBNP | ||
| 005 | 20240305140626.0 | ||
| 007 | ta | ||
| 008 | 221123e1991 dr |||gr|||| 001 f spa d | ||
| 040 |
_aDO-SdBNP _bspa _cBNPHU |
||
| 082 | 4 |
_222 _bD886t |
|
| 100 | 1 |
_91827 _aDumas, Alejandro _d1802-1870 |
|
| 245 | 1 | 3 |
_aLos tres mosqueteros. / _cAlejandro Dumas; Editor, Malaquías Gil Arantegui |
| 260 | _a2da. ed. | ||
| 264 |
_aSanto Domingo : _bCENAPEC, _c1991 |
||
| 300 |
_a659 p. ; _c21 cm. |
||
| 490 |
_aBibloteca Económica de Obras Maestras ; _v4 |
||
| 590 | _aInventariado 2022 / MF | ||
| 650 | 4 |
_921693 _aNovela de Aventuras |
|
| 650 | 4 |
_aLiteratura francesa _xNovela de Aventuras _982863 |
|
| 700 | 1 |
_aGil Arantegui, Malaquías, _d1912-1988 _eed. _976489 |
|
| 830 |
_aBibloteca Económica de Obras Maestras (CENAPEC) ; _lspa _n4 _982862 |
||
| 910 | _aMFeliz | ||
| 942 |
_2ddc _cLBS1 |
||
| 999 |
_c52991 _d52991 |
||